| 000 | 01363nam a22003730a 4500 | ||
|---|---|---|---|
| 001 | PT28926 | ||
| 003 | AR-LpoUNG | ||
| 005 | 20260115113046.0 | ||
| 008 | 191001s2008||||ag |||||||||||||||||spa d | ||
| 020 |
_a9789875742574 _c$95 |
||
| 040 |
_aAR-LpoUNG _bspa _cAR-LpoUNG _eaacr |
||
| 041 | _aspa | ||
| 044 | _aag | ||
| 082 | 0 | _a320.014 872qui | |
| 100 | 1 | _aVommaro, Gabriel | |
| 245 | 1 | 0 |
_a"Lo que quiere la gente" : _blos sondeos de opinión y el espacio de la comunicación política en Argentina : 1983-1999 |
| 250 | _a1ra. ed. | ||
| 260 |
_aBuenos Aires : _bUniversidad Nacional de General Sarmiento, _c2008. |
||
| 300 |
_a203 p. : _btbls. |
||
| 520 | _aInterroga el uso de las encuestas de opinión y de intención de voto por parte de políticos, expertos y periodistas que desde 1983 comienza su institucionalización como herramienta de inteligibilidad social y de construcción de discursos de pretensión representativa. | ||
| 650 | 4 | _aANALISIS HISTORICO | |
| 650 | 4 | _aCOMUNICACION | |
| 650 | 4 | _aDEMOCRACIA | |
| 650 | 4 | _aELECCIONES | |
| 650 | 4 | _aENCUESTAS DE OPINION PUBLICA | |
| 650 | 4 | _aPARTICIPACION POLITICA | |
| 650 | 4 | _aPERIODISMO | |
| 650 | 4 | _aPOLITICA | |
| 650 | 4 | _aSOCIEDAD CIVIL | |
| 651 | 4 | _aArgentina | |
| 710 | 2 | _aUniversidad Nacional de General Sarmiento (Buenos Aires) | |
| 905 | _a28926 | ||
| 942 |
_cLIB _2ddc |
||
| 999 |
_c20770 _d20770 |
||